| 000 | 00709nam a2200169 a 4500 | ||
|---|---|---|---|
| 005 | 20140414132103.0 | ||
| 008 | 100722s19uu xx 00 eng d | ||
| 050 |
_aREF 793.73 _bW51 2002 |
||
| 100 | _aWick, Walter | ||
| 245 |
_aCan you see what I see? : _bOnce upon a time. |
||
| 260 |
_aNew York : _bScholastic , _c2002. |
||
| 300 | _a35 p. | ||
| 520 | _a Little Red Riding Hood -- Sleeping Beauty -- Hansel & Gretel -- Beauty & the Beast -- Goldilocks & the Three Bears -- Little Pigs -- The Little Mermaid -- Rumpelstiltskin -- Puss in Boots -- Aladdin & the wonderful lamp -- Cinderella -- Ever after. | ||
| 650 | _aPicture puzzles --Juvenile literature. | ||
| 650 | _aFairy tales. | ||
| 999 |
_c114520 _d114520 |
||